00804nam a2200229 a 4500003000400000005001700004008004100021022001800062040002400080041000800104082001500112110003700127245011800164250001100282260005200293300001100345440002800356653005600384653005500440653005600495653002300551OSt20131021182524.0131021s1998 sz ||||| |||| 00| 0 spa d a92-4-320877-2 cBiblioteca Medicina aspa bOMS IT 877 aOrganizacion Mundial de la Salud00aEnfermedades cardiovasculares y contracepcion con hormonas esteroides.bInforme de un Grupo Cientifico de la OMS  a1ยบ ed aGinebrabOrganizacion Mundial de la Saludc1998 a100 p.00aInformes Tecnicos n877 aENFERMEDADES CARDIOVASCULARES-INDUCIDO QUIMICAMENTE aANTICONCEPTIVOS ORALES HORMONALES-EFECTOS ADVERSOS aANTICONCEPTIVOS ORALES COMBINADOS--EFECTOS ADVERSOS aFACTORES DE RIESGO